000 00282nam a22001337a 4500
008 170224b xxu||||| |||| 00| 0 eng d
020 _a3540109722
041 _aeng
080 _a617
100 _a5
101 _aSHK
245 _aMODERN NEURO-SURGERY
_cBROCK, M
942 _2udc
_cBK
999 _c6229
_d6229